000
00305nam a2200145Ia 4500
100
_a
Dearns/ W.H. ed.
490
_v
3
942
_c
RB
654
_a
Welding
245
_a
Welding handbook
260
_b
American Welding Society
_a
London
_c
1980
082
_a
671.82
300
_a
459
546
_a
ENGLISH
999
_c
31349
_d
31349